KOZIER & ERB'S FUNDAMENTALS OF NURSING (Record no. 2200)

MARC details
000 -LEADER
fixed length control field 00341nam a2200145Ia 4500
008 - FIXED-LENGTH DATA ELEMENTS--GENERAL INFORMATION
fixed length control field 150201s2013 xx 000 0 und d
082 ## - DEWEY DECIMAL CLASSIFICATION NUMBER
Classification number 610.73
Item number K13B
100 ## - MAIN ENTRY--PERSONAL NAME
Personal name BLERMAN, AUDREY
245 ## - TITLE STATEMENT
Title KOZIER & ERB'S FUNDAMENTALS OF NURSING
250 ## - EDITION STATEMENT
Edition statement 1ST
260 ## - PUBLICATION, DISTRIBUTION, ETC. (IMPRINT)
Name of publisher, distributor, etc. PEARSON
Date of publication, distribution, etc. 2013
300 ## - PHYSICAL DESCRIPTION
Extent 1620
650 ## - SUBJECT ADDED ENTRY--TOPICAL TERM
Topical term or geographic name as entry element NURSING
942 ## - ADDED ENTRY ELEMENTS (KOHA)
Source of classification or shelving scheme Dewey Decimal Classification
Koha item type Books
Holdings
Withdrawn status Lost status Source of classification or shelving scheme Damaged status Not for loan Collection code Home library Current library Shelving location Date acquired Source of acquisition Cost, normal purchase price SGTU Bill Number Total Checkouts Full call number Barcode Date last seen Bill Date Koha item type
    Dewey Decimal Classification   Not For Loan NURSING SGT Medical Library SGT Medical Library Reference Book 06/07/2014 ABC DELHI 2050.00 SGTU 4669   610.73 K13B FN1530 09/02/2015 06/07/2014 Books